000 00552nam a22001937a 4500
001 113539
003 DR-UNIBE
005 20250801083011.0
008 250502buuuu xx ||||| |||| 00| 0 spa d
040 _aBIBLIOTECA UNIBE
_bspa
_cBIBLIOTECA UNIBE
041 _aspa
082 _aF 5700
245 0 0 _aSimplificación
260 _aAsunción :
_bPoder Judicial,
_c[Fecha de publicación no identificada]
300 _a1 pliego de cinco partes :
_bilustraciones
490 _aColección folletos
650 7 _2lemb
_aPoder judicial
942 _2ddc
_cMX
999 _c113539
_d113539